Ley general de urbanismo y construcciones

Uloženo v:
Podrobná bibliografie
Hlavní autor: Cobo García, Pedro Antonio (Autor)
Médium: Kniha
Jazyk:španělština
Vydáno: Santiago LexisNexis 2005
Edice:Colección de Libros Normativos
Témata:
Tagy: Přidat tag
Žádné tagy, Buďte první, kdo vytvoří štítek k tomuto záznamu!

MARC

LEADER 00000nam a2200000 a 4500
001 UCK9753
003 CL-VaPUC
008 060531e20050000CL |||||||||||||||||spa|d
020 |a 9562385469 
020 |a 9562385477t.1 
020 |a 9562385485t.2 
020 |a 9562385493t.3 
082 0 4 |a 346.83045  |b COB  |2 21 
100 0 |a Cobo García, Pedro Antonio  |e author  |9 499654 
245 1 0 |a Ley general de urbanismo y construcciones 
300 |a t 
942 |c BK 
945 |d 20060531 00:00:00  |a jtorresc 
260 |a Santiago  |b LexisNexis  |c 2005 
500 |a Contiene: Notas Legales - Jurisprudencia Administrativa - Jurisprudencia Judicial - Tribunal Constitucional 
650 0 |a Planificación urbana   |9 258176 
650 0 |a Derecho y legislación   |9 255077 
650 0 |a Construcción  |9 260195 
651 7 |a CHILE  |2 CL-VaPUC  |9 499655 
583 |a last modification  |c 20160929 09:14:17  |k Rodrigo Vera 
490 0 |a Colección de Libros Normativos 
999 |c 316817  |d 316815 
952 |0 0  |1 0  |4 0  |6 346_830450000000000_COB_2005  |7 0  |8 A  |9 392278  |a BIBDER  |b BIBDER  |d 2019-11-22  |h t.1  |i 4236831  |l 1  |m 2  |o 346.83045 COB 2005  |p 4236831  |q 2025-12-31  |r 2020-03-19  |s 2020-03-19  |w 2019-11-22  |y BK  |k DER 
952 |0 0  |1 0  |4 0  |6 346_830450000000000_COB_2005  |7 0  |8 A  |9 392279  |a BIBDER  |b BIBDER  |d 2019-11-22  |h t.2  |i 423684K  |l 1  |m 2  |o 346.83045 COB 2005  |p 423684K  |q 2025-12-31  |r 2020-03-19  |s 2020-03-19  |w 2019-11-22  |y BK  |k DER 
952 |0 0  |1 0  |4 0  |6 346_830450000000000_COB_2005  |7 0  |8 A  |9 392280  |a BIBDER  |b BIBDER  |d 2019-11-22  |h t.3  |i 4236858  |l 1  |m 2  |o 346.83045 COB 2005  |p 4236858  |q 2025-12-31  |r 2020-03-19  |s 2020-03-19  |w 2019-11-22  |y BK  |k DER 
952 |0 0  |1 0  |4 0  |6 346_830450000000000_COB_2005  |7 0  |8 A  |9 392281  |a BIBDER  |b BIBDER  |d 2019-11-22  |h t.1  |i 4257146  |l 1  |o 346.83045 COB 2005  |p 4257146  |r 2023-11-28  |s 2023-11-28  |w 2019-11-22  |y BK  |k DER 
952 |0 0  |1 0  |4 0  |6 346_830450000000000_COB_2005  |7 0  |8 A  |9 392282  |a BIBDER  |b BIBDER  |d 2019-11-22  |h t.2  |i 4257154  |l 2  |m 1  |o 346.83045 COB 2005  |p 4257154  |r 2023-01-25  |s 2020-04-01  |w 2019-11-22  |y BK  |k DER 
952 |0 0  |1 0  |4 0  |6 346_830450000000000_COB_2005  |7 0  |8 A  |9 392283  |a BIBDER  |b BIBDER  |d 2019-11-22  |h t.3  |i 4257162  |o 346.83045 COB 2005  |p 4257162  |r 2023-01-25  |w 2019-11-22  |y BK  |k DER